000 00488nam a22001817a 4500
003 OSt
005 20160304143047.0
008 160304b xxu||||| |||| 00| 0 eng d
010 _a0043316
020 _a01420.00159
040 _cN/A
050 _aNA55621
_b.F7K56 2000
100 _aKing ,Ross
245 _aBRUNELLESCHI'S DOME
_bHow a Renaissance genius reinvented Architecture
_cROSS KING
260 _aNEW YORK
_bPenguin Group
_c2000
300 _axi,194p
_bill
942 _2lcc
_cBK
999 _c252816
_d252815